=LDR 00000nam 2200000 4500 =001 INLIS000000000035995 =005 20130612141816 =008 ***********************************Ing** =035 ##$$0010-061300000035995 =041 ##$$a Ing =082 ##$$a 915.98 =090 ##$$a 915.98, Arc a =100 ##$$a Somadikarta =245 ##$$a Architecture, Bakrie Group =260 ##$$a 1998 $b Jakarta =300 ##$$a 137 Hlm, Ilus, 25 cm =850 ##$$a NBPNMAT